000 00595nam a2200181 i 4500
001 55566
003 ES-MaACL
005 20250703063102.0
007 t|
008 030923s1965 ag ||||1| spa d
100 1 _aDescartes, René,
_d1596-1650
_943838
245 1 0 _aDiscurso del método
_b: meditaciones metafísicas /
_cRené Descartes ; [versión castellana por Manuel Machado].
260 _aBuenos Aires :
_bSchapire,
_c[1965]
300 _a124 p. ;
_c24 cm.
700 1 _aMachado, Manuel,
_d1874-1947
_975161
852 _aES-MaACL
_jG-2021
_bR.66163
999 _c55566
_d55566